00326nam a2200121Ia 4500008004100000041000800041082001700049100001900066245004500085260003200130300003100162365001100193240624s9999 xx 000 0 und d aeng a658.4012 GRU aGRUNDY DR TONY aDEMYSTIFYING STRATEGY HOW TO BECOME A ST c2012aNew DelhibKogan Page avii, : 324 : p. : cm. ; 23 cRSb33